| 000 | 01015nam a2200241 a 4500 | ||
|---|---|---|---|
| 001 | 56335 | ||
| 003 | BD-RjUL | ||
| 005 | 20211209080401.0 | ||
| 008 | 161128s1999 ii ||||| |||| 00| 0 ben d | ||
| 020 | _a8123714807 | ||
| 035 | _a(BD-RjUL)56459 | ||
| 040 |
_aBD-RjUL _bben _cBD-RjUL |
||
| 041 | _aben | ||
| 082 |
_223 _a792.0954 _bBAB 1980 |
||
| 100 | 1 |
_aবাৎস্যায়ন, কপিলা _9167662 |
|
| 245 | 1 | 0 |
_aভারতের নাট্য-ঐতিহ্য : _bবিচিত্র প্রবাহ / _cবাৎস্যায়ন, কপিলা, অনুবাদ নারায়ণ চৌধুরী |
| 260 |
_aইন্ডিয়া : _bন্যাশনাল বুক ট্রাস্ট ; _c১৯৮০ |
||
| 300 |
_a২৩৬ পৃ : _bচিত্র ; _c২৫ সেমি. |
||
| 650 |
_aমঞ্চ নাটক _9167627 _zভারত |
||
| 650 |
_aTheater _zIndia _9167663 |
||
| 700 |
_aচৌধুরী, নারায়ণ _9118342 |
||
| 942 |
_2ddc _cBK |
||
| 999 |
_c56335 _d56335 |
||